000 00642nam a22002057a 4500
005 20240628145751.0
010 _aB-760001
020 _a9780143427919
_c250.00
035 _aB-760001
037 _aDPL
_bGift
082 _aS
100 _aDalal, Deepak
_967927
245 _aA flamingo in my garden /
_cby Deepak Dalal; illustrated by Lavanya Naidu
260 _aGurgaon
_bPuffin Book
_c2016
270 _a7th Floor, Infinity Tower C, DLF Cyber City,
_bGurgaon
_e122002
300 _a96p.
_c19cm(pbk)
700 _aNaidu, Lavanya
_967928
942 _2ddc
_cCH
_mDAL
_hS
999 _c203828
_d203828